000 00798nam a2200253Ia 4500
003 OSt
005 20220923220230.0
006 a|||||r|||| 00| 0
007 ta
008 220922b |||||||| |||| 00| 0 hin d
024 _a185,289
037 _cTextual
040 _aARTS
_cARTS
_bhin
041 _2hin
_ahin
082 _aO152,2N2914x, K2
100 _aशरत्, सत्येन्द्र
245 0 _aइन्द्र धनुष
246 _aIndra dhanuṣha
260 _aजालध्ंार
_b हिन्दी भवन
_c1962
300 _a243 पृ.
_ccm.
650 _aहिन्दी साहित्य
_9156264
942 _hO152,2N2914x, K2
_cTEXL
_2CC
999 _c338535
_d338535